[Event "Kuwait Rapid op 1st"]
[Site "Kuwait City"]
[Date "2025.01.10"]
[Round "9"]
[White "Alwardi, Hussain"]
[Black "Mohammed, Junaid Khan"]
[Result "0-1"]
[WhiteElo "1815"]
[BlackElo "1599"]
[PlyCount "130"]
[EventDate "2025.01.09"]
[EventType "swiss (rapid)"]
[EventRounds "9"]
[EventCountry "KUW"]
[SourceTitle "CB03_2025"]
[SourceDate "2025.01.15"]
[SourceVersion "1"]
[SourceVersionDate "2025.01.15"]
[SourceQuality "1"]

1. d4 d6 2. Nf3 Nf6 3. c4 g6 4. Nc3 Bg7 5. e4 Nbd7 6. Bd3 c5 7. d5 Nb6 8. 0-0 0-0 9. Re1 Nfd7 10. Bf4 Re8 11. e5 dxe5 12. Nxe5 Nxe5 13. Bxe5 e6 14. Bg3 exd5 15. Rxe8+ Qxe8 16. cxd5 Bxc3 17. bxc3 Nxd5 18. Qd2 Nb6 19. Re1 Qd8 20. Qh6 Qf8 21. Qh4 Be6 22. Bf4 Nd5 23. Bh6 Qd8 24. Qg3 Qf6 25. Bg5 Qxc3 26. Rc1 Qd4 27. Bc4 a6 28. Bxd5 Qxd5 29. Be3 Rc8 30. Qf4 Qf5 31. Qd6 Qd5 32. Qe7 Qd7 33. Qf6 Qd8 34. Qc3 Qh4 35. Qe5 Qh5 36. Qxh5 gxh5 37. Rxc5 Rxc5 38. Bxc5 Bxa2 39. Kf1 Bc4+ 40. Ke1 b5 41. Bb4 Kg7 42. Kd2 Bd5 43. g3 Kf6 44. Ke3 Bc4 45. Kf4 h6 46. Bc3+ Kg6 47. Bb4 f5 48. Bc3 Bd3 49. Bb4 h4 50. Bc3 hxg3 51. hxg3 h5 52. Bb4 Be4 53. Bc3 Kf7 54. Kg5 Ke6 55. Kxh5 Kd5 56. Ba5 Kc5 57. Kg5 b4 58. Bd8 b3 59. Bf6 a5 60. Kf4 a4 61. f3 Bc2 62. g4 fxg4 63. fxg4 a3 64. g5 b2 65. Be7+ Kc4 0-1

[Event "Kuwait Rapid op 1st"]
[Site "Kuwait City"]
[Date "2025.01.10"]
[Round "7"]
[White "Mohammed, Junaid Khan"]
[Black "Aldaihani, Turki"]
[Result "0-1"]
[WhiteElo "1599"]
[BlackElo "1828"]
[PlyCount "82"]
[EventDate "2025.01.09"]
[EventType "swiss (rapid)"]
[EventRounds "9"]
[EventCountry "KUW"]
[SourceTitle "CB03_2025"]
[SourceDate "2025.01.15"]
[SourceVersion "1"]
[SourceVersionDate "2025.01.15"]
[SourceQuality "1"]

1. d4 e5 2. dxe5 Nc6 3. Nf3 Qe7 4. Bf4 Qb4+ 5. Bd2 Qxb2 6. Nc3 Bb4 7. Rb1 Qa3 8. Nd5 Ba5 9. Rb3 Qxa2 10. Bxa5 Qxa5+ 11. Qd2 Qxd2+ 12. Nxd2 Kd8 13. Nf3 h6 14. e4 Nge7 15. Bd3 Ng6 16. 0-0 Ngxe5 17. Nxe5 Nxe5 18. f4 Nxd3 19. Rxd3 d6 20. Ne3 Ke7 21. Nd5+ Kd8 22. e5 Be6 23. exd6 cxd6 24. Rfd1 g6 25. Ne3 Ke7 26. g4 f5 27. gxf5 gxf5 28. Nd5+ Bxd5 29. Rxd5 Rac8 30. R1d2 Rhf8 31. Kf2 Rc6 32. Ke3 Rc3+ 33. Kf2 Rfc8 34. Rxd6 R8c7 35. Rxh6 Rxc2 36. Rhd6 a5 37. Ke2 a4 38. R6d5 Rxd2+ 39. Kxd2 Rd7 40. Rxd7+ Kxd7 41. Kc3 b5 0-1

[Event "Kuwait Rapid op 1st"]
[Site "Kuwait City"]
[Date "2025.01.10"]
[Round "6"]
[White "Nishaanth, Vidyasagar"]
[Black "Mohammed, Junaid Khan"]
[Result "1/2-1/2"]
[WhiteElo "1760"]
[BlackElo "1599"]
[PlyCount "70"]
[EventDate "2025.01.09"]
[EventType "swiss (rapid)"]
[EventRounds "9"]
[EventCountry "KUW"]
[SourceTitle "CB03_2025"]
[SourceDate "2025.01.15"]
[SourceVersion "1"]
[SourceVersionDate "2025.01.15"]
[SourceQuality "1"]

1. e4 d6 2. d4 Nf6 3. Nc3 g6 4. f4 Bg7 5. Nf3 c5 6. dxc5 Qa5 7. Bd2 Qxc5 8. Bd3 0-0 9. Qe2 Qc7 10. 0-0 Nc6 11. h3 a6 12. Rab1 b5 13. Rfe1 Nd7 14. Nd5 Qd8 15. Bc3 e5 16. fxe5 Ncxe5 17. Nxe5 Nxe5 18. Bxe5 Bxe5 19. c3 Bb7 20. Qf3 Bxd5 21. exd5 Re8 22. Rf1 Re7 23. Rbe1 Qb6+ 24. Kh1 Rae8 25. g4 Qc7 26. Re2 Qd7 27. Rfe1 Qa7 28. Kg2 Qc5 29. Qe3 Qc7 30. Qf3 Qb7 31. Kh1 Qc7 32. Kg2 Qb7 33. Kh1 Qc7 34. Kg2 Qb7 35. Kh1 Qc7 1/2-1/2